000 00548cam a22002291 4500
001 sa 68016724
003 DLC
005 20260227112657.0
008 740723s1965 xx 000 0 ind
010 _asa 68016724
035 _a(OCoLC)959608
040 _aDLC
_cOAU
_dDLC
041 0 _aindara
042 _apremarc
050 0 0 _aBP135
_b.R28
100 1 _aRahman, Fatchur.
245 1 0 _aIchtisar mustholahul hadis.
260 _a[Djakarta?
_c1965?]
300 _a 110 p.
_c21 cm.
504 _aBibliography: p. 110.
650 0 _aHadith.
999 _c87270
_d87270